[Event "TCh-BEL 2003-4"]
[Site "?"]
[Date "2004.03.23"]
[Round "11"]
[White "Piceu Tom"]
[Black "Breder Dennis"]
[Result "1/2-1/2"]
[WhiteElo "2251"]
[BlackElo "2473"]
[PlyCount "112"]
[EventDate "2004.??.??"]
[Source "www.chesslib.no"]
[SourceDate "2004.05.04"]

1. d4 Nf6 2. c4 e6 3. Bg5 h6 4. Bxf6 Qxf6 5. Nf3 d6 6. Nc3 Nd7 7. g3 g5 8. Bg2 Bg7 9. O-O Qe7 10. Qd3 O-O 11. b4 c6 12. Rac1 f5 13. d5 exd5 14. cxd5 c5 15. Nb5 b6 16. Nc7 g4 17. Nxa8 gxf3 18. exf3 Bb7 19. Rfe1 Qd8 20. Nxb6 axb6 21. f4 cxb4 22. Re3 Nc5 23. Qe2 Qf6 24. Rb1 Ba6 25. Qd2 Qd4 26. Qxb4 Bd3 27. Qxd4 Bxd4 28. Rxd3 Nxd3 29. Rd1 Bxf2+ 30. Kf1 Ra8 31. Rxd3 Rxa2 32. Bh3 Bc5 33. Bxf5 Rxh2 34. Rb3 Kg7 35. Be4 Rd2 36. Ke1 Ra2 37. Kd1 Kf6 38. Kc1 Rf2 39. Rf3 Rxf3 40. Bxf3 Bf2 41. g4 Be3+ 42. Kb2 Bxf4 43. Kc3 Be3 44. Kc4 Ke5 45. Kb5 Bc5 46. Kc6 Kd4 47. Be2 Ke4 48. Bd1 b5 49. Kxb5 Kxd5 50. Bf3+ Ke5 51. Kc4 Kf4 52. Bd1 Ke4 53. Bc2+ Ke5 54. Kd3 Kf4 55. Bd1 d5 56. Be2 Bb6 1/2-1/2

[Event "Olomouc"]
[Site "Olomouc CZE"]
[Date "1989.??.??"]
[Round "?"]
[White "Kolasinski, Marek"]
[Black "Staniszewski, Piotr"]
[Result "1/2-1/2"]
[WhiteElo "2305"]
[BlackElo "2410"]
[PlyCount "58"]
[EventDate "1989.??.??"]
[Source "www.chesslib.no"]
[SourceDate "2004.05.04"]

1. d4 Nf6 2. c4 e6 3. Bg5 h6 4. Bxf6 Qxf6 5. Nc3 Bb4 6. Rc1 O-O 7. e3 c5 8. dxc5 Na6 9. a3 Bxc3+ 10. Rxc3 Nxc5 11. Qd4 b6 12. Qxf6 gxf6 13. Be2 Ba6 14. Nf3 Ne4 15. Rc2 Rac8 16. Nd2 f5 17. Nxe4 fxe4 18. Kd2 Rc7 19. Rhc1 Rfc8 20. Rc3 Kf8 21. b4 Ke7 22. c5 Bxe2 23. Kxe2 bxc5 24. Rxc5 Rxc5 25. Rxc5 Rxc5 26. bxc5 d6 27. cxd6+ Kxd6 28. Kd2 Kc5 29. Kc3 e5 1/2-1/2

[Event "NED Ch sf-B"]
[Site "Eindhoven NED"]
[Date "1982.??.??"]
[Round "3"]
[White "Van der Vliet, Fred"]
[Black "Grooten, Herman"]
[Result "1-0"]
[WhiteElo "2390"]
[BlackElo "2320"]
[PlyCount "149"]
[EventDate "1982.??.??"]
[Source "www.chesslib.no"]
[SourceDate "2004.05.04"]

1. d4 Nf6 2. c4 e6 3. Bg5 Bb4+ 4. Nd2 h6 5. Bxf6 Qxf6 6. a3 Bxd2+ 7. Qxd2 d6 8. g3 Nc6 9. e3 O-O 10. Bg2 e5 11. d5 Ne7 12. Ne2 Bg4 13. Nc3 Bf3 14. O-O Ng6 15. b4 Nh4 16. Bh3 Qg6 17. Rfc1 Be4 18. Qd1 Nf3+ 19. Kh1 f5 20. Bg2 Qh5 21. h3 Rf6 22. c5 g5 23. cxd6 cxd6 24. Nxe4 fxe4 25. Rc4 g4 26. Rxe4 gxh3 27. Bxf3 Rxf3 28. Rh4 Qf5 29. Rf4 Rxf4 30. gxf4 exf4 31. Qd4 Kf7 32. Qxf4 Qxf4 33. exf4 Rc8 34. Re1 Rc3 35. Re3 Rc1+ 36. Kh2 Rd1 37. Rxh3 Kg6 38. Re3 Rxd5 39. Re7 Rb5 40. Re6+ Kf5 41. Rxd6 Kxf4 42. Rxh6 Kg5 43. Rh3 Kf4 44. Kg2 b6 45. Rh4+ Kg5 46. Kg3 Rd5 47. f4+ Kg6 48. Kg4 Rd4 49. Rh8 Rd3 50. Rh3 Rd1 51. f5+ Kf6 52. Rh6+ Ke7 53. Kf4 Rd3 54. Re6+ Kf7 55. Re3 Rd1 56. Rc3 Kf6 57. Rc6+ Ke7 58. Rc7+ Kf6 59. Rxa7 Rd4+ 60. Ke3 Rh4 61. Ra6 Ke5 62. f6 Rh3+ 63. Ke2 Rh2+ 64. Kd3 b5 65. f7 Rf2 66. Rb6 Rf3+ 67. Kd2 Rxf7 68. Rxb5+ Kd4 69. Kc2 Rf3 70. Kb2 Rh3 71. Rc5 Rg3 72. Rc2 Rh3 73. a4 Rg3 74. a5 Rh3 75. Rc7 1-0

[Event "Barbera del Valles Open"]
[Site "Barbera del Valles"]
[Date "1995.??.??"]
[Round "8"]
[White "Gonzalez, Juan Carlos"]
[Black "Glimbrant, Torbjorn"]
[Result "1-0"]
[WhiteElo "2445"]
[BlackElo "2260"]
[PlyCount "89"]
[EventDate "1995.07.??"]
[Source "www.chesslib.no"]
[SourceDate "2004.05.04"]

1. c4 e6 2. d4 Nf6 3. Bg5 c5 4. d5 h6 5. Bxf6 Qxf6 6. Nc3 d6 7. g3 e5 8. e4 Qd8 9. h4 Nd7 10. Bh3 Be7 11. Kf1 a6 12. Kg2 O-O 13. Nf3 g6 14. h5 Kg7 15. Qd2 Rh8 16. Nh2 Nf6 17. Bxc8 Qxc8 18. hxg6 fxg6 19. f4 exf4 20. gxf4 g5 21. e5 Nh5 22. Ne2 gxf4 23. e6 Bg5 24. Nf3 Qe8 25. Qc3+ Bf6 26. Qc2 Bg5 27. Nh4 Rg8 28. Kf3 Kh8 29. Rag1 Ng3 30. Nxg3 fxg3 31. Kg2 Rg7 32. Rf1 Bxh4 33. Rxh4 Qg6 34. Qxg6 Rxg6 35. Rhf4 Re8 36. Rf8+ Rg8 37. Rxe8 Rxe8 38. Kxg3 b5 39. cxb5 axb5 40. Rf7 Kg8 41. Rd7 Kf8 42. Rxd6 Ke7 43. Rd7+ Kf6 44. Kf4 Rf8 45. e7 1-0

[Event "PZU SA Open"]
[Site "?"]
[Date "1999.08.19"]
[Round "3"]
[White "Pihlajasalo Hannu"]
[Black "Staniszewski Piotr"]
[Result "0-1"]
[WhiteElo "2253"]
[BlackElo "2448"]
[PlyCount "50"]
[EventDate "1999.??.??"]
[Source "www.chesslib.no"]
[SourceDate "2004.05.04"]

1. d4 Nf6 2. c4 e6 3. Bg5 Bb4+ 4. Nd2 h6 5. Bh4 b6 6. a3 Bxd2+ 7. Qxd2 Ba6 8. e3 d5 9. Qb4 c5 10. Bxf6 Qxf6 11. Qa4+ Ke7 12. Nf3 Rd8 13. O-O-O Bb7 14. dxc5 bxc5 15. Qb5 Nd7 16. Rd2 Rab8 17. Qa5 Bc6 18. Be2 Rb6 19. Rc2 Rdb8 20. Qd2 Ba4 21. Rc3 Rxb2 22. Qxb2 Rxb2 23. Kxb2 d4 24. exd4 cxd4 25. Rd3 Nc5 0-1

[Event "TCh-BEL 2003-4"]
[Site "?"]
[Date "2004.01.18"]
[Round "7"]
[White "Piceu Tom"]
[Black "Cekro Ekrem"]
[Result "1/2-1/2"]
[WhiteElo "2251"]
[BlackElo "2438"]
[PlyCount "57"]
[EventDate "2004.??.??"]
[Source "www.chesslib.no"]
[SourceDate "2004.05.04"]

1. d4 Nf6 2. c4 e6 3. Bg5 h6 4. Bxf6 Qxf6 5. Nf3 Bb4+ 6. Nbd2 O-O 7. g3 c5 8. a3 Bxd2+ 9. Qxd2 d6 10. Bg2 Nc6 11. Rd1 Rd8 12. O-O Bd7 13. Qe3 b6 14. Rd2 Rac8 15. Rfd1 Be8 16. b3 Na5 17. h4 Qe7 18. Rd3 d5 19. cxd5 c4 20. Rc3 cxb3 21. Rxc8 Rxc8 22. Bh3 Qxa3 23. dxe6 Rc2 24. Ne5 f6 25. Nd7 Nc4 26. Qe4 Nd6 27. Qe3 Nc4 28. Qe4 Nd6 29. Qe3 1/2-1/2

[Event "Tch (Men) 2005/2006 NED"]
[Site "?"]
[Date "2006.04.23"]
[Round "9"]
[White "Piceu Tom"]
[Black "Rothuis Vincent"]
[Result "1-0"]
[WhiteElo "2345"]
[BlackElo "2342"]
[PlyCount "51"]
[EventDate "2006.??.??"]
[Source "www.chesslib.no"]
[SourceDate "2004.05.04"]

1. d4 Nf6 2. c4 e6 3. Bg5 h6 4. Bxf6 Qxf6 5. Nf3 d6 6. Nc3 a6 7. g3 b6 8. Bg2 Bb7 9. O-O Qe7 10. b4 g6 11. Qb3 Ra7 12. a4 Bg7 13. e3 a5 14. c5 axb4 15. cxd6 cxd6 16. Qxb4 Ba6 17. Rfc1 O-O 18. Qxb6 Qd7 19. Ne4 Bd3 20. Nxd6 Ra6 21. Qb3 Rxd6 22. Qxd3 e5 23. Nd2 exd4 24. Ne4 Rd5 25. Rc5 Rf5 26. Rd1 1-0

[Event "TCh-BEL 2003-4"]
[Site "?"]
[Date "2003.12.14"]
[Round "1"]
[White "Bertrem Stijn"]
[Black "Horvath Adam"]
[Result "0-1"]
[WhiteElo "2159"]
[BlackElo "2513"]
[PlyCount "60"]
[EventDate "2003.??.??"]
[Source "www.chesslib.no"]
[SourceDate "2004.05.04"]

1. d4 Nf6 2. c4 e6 3. Bg5 c5 4. d5 exd5 5. cxd5 h6 6. Bf4 g5 7. Bc1 Bg7 8. Nc3 b5 9. g3 b4 10. Na4 d6 11. Bg2 O-O 12. h4 g4 13. e3 Nbd7 14. Ne2 Ne5 15. Nf4 Ba6 16. b3 Qd7 17. Nb2 Qf5 18. Bd2 Ne4 19. Rc1 Nf3+ 20. Bxf3 gxf3 21. Nc4 Qg4 22. Rc2 Rae8 23. h5 Bf6 24. Bc1 Bg5 25. Bb2 Bc8 26. Nd2 Nxg3 27. Rg1 Bxf4 28. Rc4 Kh7 29. Rxg3 Qxg3 30. fxg3 Bxg3+ 0-1

[Event "Paris FRA"]
[Site "?"]
[Date "2003.02.13"]
[Round "1"]
[White "Nguyen Chi Minh"]
[Black "Lecuyer Christian"]
[Result "1-0"]
[WhiteElo "2366"]
[BlackElo "2299"]
[PlyCount "160"]
[EventDate "2003.??.??"]
[Source "www.chesslib.no"]
[SourceDate "2004.05.04"]

1. d4 Nf6 2. c4 e6 3. Bg5 Bb4+ 4. Nd2 h6 5. Bh4 c5 6. a3 Bxd2+ 7. Qxd2 cxd4 8. Qxd4 Nc6 9. Qc3 g5 10. Bg3 d5 11. cxd5 exd5 12. e3 O-O 13. Bd3 Be6 14. Ne2 Rc8 15. Nd4 Re8 16. Nxc6 Rxc6 17. Qd4 Ne4 18. Bb5 Qa5+ 19. Qb4 Qxb4+ 20. axb4 Rec8 21. Bxc6 Rxc6 22. Be5 a6 23. f3 Nd6 24. Bxd6 Rxd6 25. b5 Rb6 26. bxa6 bxa6 27. O-O Rxb2 28. Rxa6 Kg7 29. Ra3 h5 30. Rd3 h4 31. Rfd1 Kg6 32. R1d2 Rb1+ 33. Kf2 Ra1 34. Rd4 Rb1 35. h3 Rb3 36. f4 f6 37. Ra4 Kf5 38. Kf3 Bf7 39. Rad4 Bh5+ 40. Kf2 Bf7 41. fxg5 fxg5 42. Rxd5+ Bxd5 43. Rxd5+ Kf6 44. Kf3 Rb2 45. e4 Rb3+ 46. Kg4 Rg3+ 47. Kh5 Rxg2 48. Rf5+ Ke6 49. Rxg5 Re2 50. Rg4 Ke5 51. Kxh4 Re3 52. Rg8 Kf6 53. Re8 Kf7 54. Re5 Kf6 55. Re8 Kf7 56. Re5 Kf6 57. Rf5+ Ke6 58. Rf4 Ke5 59. Rf8 Ke6 60. Kg5 Rg3+ 61. Kf4 Rxh3 62. Re8+ Kf7 63. Ra8 Rh5 64. Kg4 Rb5 65. Kf4 Rh5 66. Ra7+ Ke6 67. Ra6+ Ke7 68. Ke3 Rb5 69. Kd3 Rb4 70. Ke3 Rc4 71. Ra5 Ke6 72. Kf4 Rb4 73. Ra6+ Ke7 74. Kf5 Rb5+ 75. e5 Rb1 76. Ra7+ Ke8 77. Kf6 Rb2 78. Ra8+ Kd7 79. e6+ Kc7 80. e7 Rf2+ 1-0

[Event "VIII Int Rapid"]
[Site "El Sauzal ESP"]
[Date "2007.11.03"]
[Round "3"]
[White "Drazic, S."]
[Black "Majul, I."]
[Result "1-0"]
[WhiteElo "2493"]
[BlackElo "2164"]
[PlyCount "34"]
[EventDate "2007.11.03"]
[Source "www.chesslib.no"]
[SourceDate "2004.05.04"]

1. d4 Nf6 2. c4 e6 3. Bg5 c5 4. dxc5 Bxc5 5. h3 h6 6. Bxf6 Qxf6 7. Nc3 Nc6 8. e3 O-O 9. Nf3 a6 10. a3 Qe7 11. Be2 g5 12. Nd4 Ba7 13. h4 f5 14. hxg5 hxg5 15. Qd2 Kg7 16. b4 Qf6 17. O-O-O b5 1-0

[Event "MK Cafe Cup Open B"]
[Site "?"]
[Date "1999.08.11"]
[Round "8"]
[White "Pihlajasalo Hannu"]
[Black "Gajsin Evgenij"]
[Result "0-1"]
[WhiteElo "2253"]
[BlackElo "2398"]
[PlyCount "104"]
[EventDate "1999.??.??"]
[Source "www.chesslib.no"]
[SourceDate "2004.05.04"]

1. d4 Nf6 2. c4 e6 3. Bg5 h6 4. Bh4 c5 5. Nf3 cxd4 6. Nxd4 Bb4+ 7. Nd2 Nc6 8. Nxc6 bxc6 9. a3 Be7 10. e3 a5 11. Be2 a4 12. O-O O-O 13. Qc2 d6 14. Bxf6 gxf6 15. Ne4 Qa5 16. Nc3 Bd7 17. Bd1 c5 18. e4 Rfb8 19. f4 Kf8 20. Qd2 Qa6 21. Be2 Ke8 22. f5 Kd8 23. Rab1 Kc7 24. Qxh6 Rh8 25. Qd2 Rag8 26. b3 d5 27. cxd5 Qd6 28. Qf4 Qxf4 29. Rxf4 Bd6 30. Rg4 Rb8 31. fxe6 fxe6 32. dxe6 Bxe6 33. Rg7+ Kc6 34. bxa4 Rxb1+ 35. Nxb1 c4 36. Nc3 Be5 37. Nd5 Kc5 38. Rb7 f5 39. Rb5+ Kd4 40. Bxc4 Bxh2+ 41. Kf2 fxe4 42. Bb3 Rf8+ 43. Ke2 Bg4+ 44. Kd2 Rf2+ 45. Kc1 Bd6 46. Nb4 Bxb4 47. Rxb4+ Kc3 48. Rc4+ Kxb3 49. Rxe4 Rc2+ 50. Kb1 Bf5 51. Rb4+ Kxa3 52. Rb5 Rc5+ 0-1

[Event "TCh-BEL 2007-8"]
[Site "Belgium BEL"]
[Date "2008.03.02"]
[Round "10"]
[White "Piceu, T."]
[Black "Docx, S."]
[Result "1-0"]
[WhiteElo "2323"]
[BlackElo "2318"]
[PlyCount "41"]
[EventDate "2008.01.06"]
[Source "www.chesslib.no"]
[SourceDate "2004.05.04"]

1. d4 Nf6 2. c4 e6 3. Bg5 c5 4. d5 exd5 5. cxd5 d6 6. Nc3 Be7 7. Nf3 O-O 8. e3 Na6 9. Bc4 Nc7 10. Qd3 a6 11. a4 Bd7 12. O-O Bxa4 13. Nxa4 b5 14. b3 Rb8 15. Rfd1 Nd7 16. Bf4 Re8 17. Rab1 bxa4 18. bxa4 Nb6 19. Bb3 Qd7 20. a5 Nc8 21. Bc2 1-0

[Event "Buenos Aires FMD Open"]
[Site "Buenos Aires ARG"]
[Date "1993.??.??"]
[Round "8"]
[White "Rodriguez, Jorge Luis"]
[Black "Ginzburg, Maximiliano"]
[Result "1-0"]
[WhiteElo "2365"]
[BlackElo "2275"]
[PlyCount "81"]
[EventDate "1993.??.??"]
[Source "www.chesslib.no"]
[SourceDate "2004.05.04"]

1. d4 Nf6 2. c4 e6 3. Bg5 h6 4. Bh4 c5 5. d5 exd5 6. cxd5 d6 7. Nc3 g5 8. Bg3 Nh5 9. Qa4+ Qd7 10. Nb5 Nxg3 11. hxg3 Kd8 12. Qa5+ b6 13. Qc3 Rg8 14. a4 Na6 15. Qf6+ Qe7 16. Qxe7+ Kxe7 17. O-O-O Nb4 18. e4 a6 19. Nc3 Bg7 20. Nf3 Bd7 21. Re1 Rge8 22. Nd2 b5 23. f4 Kf8 24. Nf3 g4 25. Nd2 Bxc3 26. bxc3 Nxd5 27. c4 Nc3 28. Rxh6 Nxa4 29. Rxd6 Red8 30. e5 Ke7 31. Re3 b4 32. Bd3 Be8 33. Be4 Ra7 34. Bc2 Nc3 35. Nb3 Rc8 36. Na5 Rcc7 37. f5 Ra8 38. f6+ Kf8 39. Bf5 Rb8 40. Bxg4 Ba4 41. Bf5 1-0

[Event "RSFSR-ch"]
[Site "Kuibyshev"]
[Date "1990.??.??"]
[Round "?"]
[White "Meister, Yakov"]
[Black "Obukhov, Alexander"]
[Result "1/2-1/2"]
[WhiteElo "2415"]
[BlackElo "2225"]
[PlyCount "66"]
[EventDate "1990.??.??"]
[Source "ChessBase"]

1. d4 Nf6 2. c4 e6 3. Bg5 h6 4. Bh4 c5 5. d5 exd5 6. cxd5 d6 7. Nc3 Be7 8. Bg3 Nh5 9. e3 Nxg3 10. hxg3 a6 11. a4 Bf6 12. Bd3 Qa5 13. Nge2 Nd7 14. f4 Nb6 15. Kf2 Bg4 16. Be4 Bxc3 17. bxc3 Bxe2 18. Qxe2 Qxc3 19. Rab1 Nxa4 20. Rxb7 Qf6 21. Bc2 Nc3 22. Qd3 g6 23. Rb6 O-O 24. Rxh6 Rab8 25. Rxb8 Rxb8 26. Qxa6 Nxd5 27. Qc4 Kg7 28. Rh1 Nb4 29. Be4 Rh8 30. Rd1 Re8 31. Kf3 Re7 32. g4 g5 33. g3 Re8 1/2-1/2

[Event "Sao Paulo State-ch1"]
[Site "?"]
[Date "1998.??.??"]
[Round "?"]
[White "Limp Eduardo"]
[Black "Borges Leomar Barbero"]
[Result "1/2-1/2"]
[WhiteElo "2415"]
[BlackElo "2215"]
[PlyCount "91"]
[EventDate "1998.??.??"]
[Source "www.chesslib.no"]
[SourceDate "2004.05.04"]

1. d4 Nf6 2. c4 e6 3. Bg5 Bb4+ 4. Nd2 h6 5. Bxf6 Qxf6 6. a3 Bxd2+ 7. Qxd2 d6 8. e3 e5 9. dxe5 dxe5 10. Qc3 Be6 11. Nf3 Nd7 12. c5 c6 13. Rc1 O-O 14. Be2 Qg6 15. O-O Bh3 16. Ne1 e4 17. Kh1 Be6 18. Nc2 Nf6 19. Qe5 Rad8 20. Nd4 Rfe8 21. Qg3 Qxg3 22. hxg3 Nd5 23. Rfd1 Bc8 24. Kg1 Kf8 25. Rd2 Nc7 26. Rcd1 Ke7 27. b4 g6 28. Kf1 Ne6 29. Ke1 Nc7 30. Bc4 Be6 31. Nxe6 fxe6 32. Rd4 Rxd4 33. Rxd4 a5 34. Rxe4 axb4 35. axb4 Ra8 36. Rh4 Ra4 37. Bb3 Ra1+ 38. Kd2 Rf1 39. Rxh6 Rxf2+ 40. Kd3 Rb2 41. Bc4 Rxb4 42. Rxg6 Rb2 43. Rg7+ Kd8 44. g4 Rxg2 45. g5 Rg3 46. Kd4 1/2-1/2

[Event "Tampere Elo Taraus op"]
[Site "?"]
[Date "1998.??.??"]
[Round "1"]
[White "Pihlajasalo Hannu"]
[Black "Sammalvuo Tapani"]
[Result "0-1"]
[WhiteElo "2225"]
[BlackElo "2395"]
[PlyCount "104"]
[EventDate "1998.??.??"]
[Source "www.chesslib.no"]
[SourceDate "2004.05.04"]

1. d4 Nf6 2. c4 e6 3. Bg5 h6 4. Bh4 Bb4+ 5. Nd2 c5 6. dxc5 Bxc5 7. e3 b6 8. Be2 Bb7 9. Bf3 Nc6 10. h3 O-O 11. Ne2 Rc8 12. Nc3 Be7 13. O-O a6 14. Rc1 d6 15. Qe2 Qc7 16. Rfd1 Qb8 17. Bg3 Ne5 18. Bxb7 Qxb7 19. b3 Rfd8 20. e4 Nfd7 21. Nf3 Qb8 22. Nxe5 dxe5 23. f3 Bg5 24. Rc2 Qc7 25. Bf2 Qc6 26. Be3 Be7 27. Rcd2 Qc7 28. Rd3 Nc5 29. Bxc5 Bxc5+ 30. Kh1 Kf8 31. Qd2 Rxd3 32. Qxd3 Ke7 33. g4 g5 34. Kg2 h5 35. Ne2 hxg4 36. hxg4 a5 37. Nc3 Rh8 38. Nb5 Qc8 39. Qd2 Kf6 40. Rh1 Qd8 41. Rd1 Qe7 42. Qd3 Kg6 43. Qd2 Qf6 44. Qc1 Rh3 45. Rf1 Qh8 46. Rh1 Rxh1 47. Qxh1 Qd8 48. Qc1 Qd3 49. Qb2 Be3 50. Kh3 Qd1 51. Qg2 Bf4 52. Nc3 Qe1 0-1

[Event "It Open"]
[Site "?"]
[Date "1999.??.??"]
[Round "4"]
[White "Piceu Tom"]
[Black "Kohlweyer Bernd"]
[Result "1-0"]
[WhiteElo "2160"]
[BlackElo "2445"]
[PlyCount "83"]
[EventDate "1999.??.??"]
[Source "www.chesslib.no"]
[SourceDate "2004.05.04"]

1. d4 Nf6 2. c4 e6 3. Bg5 c5 4. d5 exd5 5. cxd5 h6 6. Bxf6 Qxf6 7. Nc3 d6 8. e4 Nd7 9. Bd3 g6 10. Nge2 Bg7 11. O-O O-O 12. f4 Qd8 13. Ng3 Qb6 14. Qb3 c4+ 15. Qxb6 Nxb6 16. Bc2 g5 17. fxg5 hxg5 18. Nf5 Be5 19. Bd1 Bxf5 20. Rxf5 f6 21. g3 Kf7 22. Kg2 Ke7 23. Rc1 Rac8 24. Bg4 Rc5 25. Rf2 Ra5 26. a3 Bd4 27. Rfc2 Rc5 28. h4 gxh4 29. gxh4 Be5 30. Be6 Na8 31. Kf3 Nc7 32. Bf5 b5 33. Rg2 Ne8 34. h5 Rh8 35. Rh1 Kf8 36. h6 a6 37. Bg6 Rc7 38. Kg4 f5+ 39. Kxf5 Nf6 40. Ne2 Ng8 41. Nf4 Bxf4 42. Kxf4 1-0

[Event "TCh-BEL"]
[Site "?"]
[Date "2001.??.??"]
[Round "?"]
[White "Piceu, T."]
[Black "Cekro, E."]
[Result "0-1"]
[WhiteElo "2170"]
[BlackElo "2415"]
[PlyCount "65"]
[EventDate "2001.??.??"]
[Source "www.chesslib.no"]
[SourceDate "2004.05.04"]

1. d4 Nf6 2. c4 e6 3. Bg5 h6 4. Bxf6 Qxf6 5. Nc3 Qe7 6. Nf3 g6 7. e3 Bg7 8. Bd3 O-O 9. Qc2 d6 10. h4 c6 11. O-O-O Nd7 12. g4 d5 13. g5 h5 14. Rhe1 dxc4 15. Bxc4 b5 16. Bd3 Bb7 17. Kb1 Rac8 18. Be4 a5 19. Ne2 Nb6 20. Nf4 c5 21. Qd3 c4 22. Qc2 Nd5 23. Bxd5 exd5 24. Ne5 b4 25. f3 Bxe5 26. dxe5 Qxe5 27. Rd4 Rfe8 28. Re2 Kg7 29. Ng2 Rc5 30. f4 Qc7 31. f5 Bc8 32. fxg6 fxg6 33. Ka1 0-1

[Event "Zagreb Ch"]
[Site "Zagreb CRO"]
[Date "1995.??.??"]
[Round "?"]
[White "Jukic, Zdenko"]
[Black "Keglevic, Pavao"]
[Result "1/2-1/2"]
[WhiteElo "2240"]
[BlackElo "2330"]
[PlyCount "40"]
[EventDate "1995.??.??"]
[Source "www.chesslib.no"]
[SourceDate "2004.05.04"]

1. d4 Nf6 2. c4 e6 3. Bg5 h6 4. Bh4 Bb4+ 5. Nd2 c5 6. a3 Bxd2+ 7. Qxd2 g5 8. Bg3 Ne4 9. Qd3 f5 10. dxc5 Nc6 11. O-O-O Qa5 12. f3 Nxc5 13. Qc2 Qa4 14. Qc3 Nb3+ 15. Kb1 O-O 16. Be5 Rf7 17. Qc2 b5 18. e3 bxc4 19. Bxc4 Nca5 20. Bxb3 Qxb3 1/2-1/2

[Event "Belgian Interteams"]
[Site "?"]
[Date "2001.??.??"]
[Round "?"]
[White "Piceu, T."]
[Black "Cekro, E."]
[Result "0-1"]
[WhiteElo "2175"]
[BlackElo "2390"]
[PlyCount "80"]
[EventDate "2001.??.??"]
[Source "www.chesslib.no"]
[SourceDate "2004.05.04"]

1. d4 Nf6 2. c4 e6 3. Bg5 h6 4. Bxf6 Qxf6 5. Nc3 Qe7 6. Nf3 g6 7. e3 Bg7 8. Bd3 O-O 9. O-O d6 10. Qb3 Nd7 11. Rad1 c5 12. dxc5 Nxc5 13. Qc2 b6 14. Nb5 a6 15. Nc3 Bb7 16. Be2 Rfc8 17. Qd2 b5 18. b4 Nd7 19. Qxd6 Qxd6 20. Rxd6 Bxc3 21. Rxd7 Bc6 22. Rd3 Bxb4 23. Rb3 Bf8 24. cxb5 axb5 25. Bxb5 Bxf3 26. gxf3 Rxa2 27. Bd3 Be7 28. Kg2 Bh4 29. f4 Rd2 30. e4 Kg7 31. f5 gxf5 32. exf5 e5 33. Be4 Rc4 34. Kf3 Bxf2 35. Rd3 Rb2 36. h3 Bh4 37. Rd7 Rb3+ 38. Rd3 Rbb4 39. Rg1+ Kf6 40. Re3 Bf2 0-1

[Event "It (b)"]
[Site "Bad Meinberg GER"]
[Date "1975.??.??"]
[Round "?"]
[White "Naranja, Renato"]
[Black "Dittmann Hans-Ado"]
[Result "1/2-1/2"]
[WhiteElo "2395"]
[BlackElo "2158"]
[PlyCount "97"]
[EventDate "1975.??.??"]
[Source "www.chesslib.no"]
[SourceDate "2004.05.04"]

1. d4 Nf6 2. c4 e6 3. Bg5 c5 4. dxc5 Bxc5 5. e3 Qa5+ 6. Nd2 Ne4 7. a3 Nxg5 8. b4 Qc7 9. bxc5 f5 10. Nb3 Nf7 11. Qd2 Na6 12. Qd4 O-O 13. Nf3 Rd8 14. Be2 d6 15. cxd6 Rxd6 16. Qc3 Bd7 17. O-O Ba4 18. Nfd4 Rc8 19. Rac1 b6 20. Qb2 Qe7 21. Nb5 Rdd8 22. N3d4 Nc5 23. Nc3 Be8 24. Rfd1 Ne5 25. h3 Nb7 26. Qa2 Nc5 27. Rd2 Kh8 28. a4 Nc6 29. Nxc6 Bxc6 30. Rxd8+ Rxd8 31. Rd1 Rxd1+ 32. Bxd1 Qg5 33. f4 Qg3 34. Qf2 Qxf2+ 35. Kxf2 Ne4+ 36. Nxe4 Bxe4 37. Bb3 g6 38. c5 bxc5 39. Bxe6 Kg7 40. Bc4 a5 41. g3 Bc2 42. Bb5 Kf6 43. Ke2 Bb3 44. Kd3 Bd5 45. Bc4 Ke6 46. Bb5 Kd6 47. h4 Kc7 48. Kc3 Kb6 49. Be2 1/2-1/2

[Event "Loosdorf Open"]
[Site "Loosdorf"]
[Date "1993.??.??"]
[Round "2"]
[White "Steiner, Heinz"]
[Black "Heyken, Enno"]
[Result "0-1"]
[WhiteElo "2180"]
[BlackElo "2360"]
[PlyCount "76"]
[EventDate "1993.07.??"]
[Source "www.chesslib.no"]
[SourceDate "2004.05.04"]

1. d4 Nf6 2. c4 e6 3. Bg5 c5 4. d5 h6 5. Bh4 exd5 6. cxd5 d6 7. Nc3 g5 8. Bg3 Nh5 9. e4 Nxg3 10. hxg3 Bg7 11. Bd3 Nd7 12. Nf3 a6 13. a4 Qe7 14. O-O h5 15. Nd2 Ne5 16. Nc4 Bg4 17. Ne2 Nxc4 18. Bxc4 h4 19. f3 Bd7 20. g4 h3 21. Qd3 hxg2 22. Kxg2 Be5 23. Rh1 Rxh1 24. Rxh1 Bxa4 25. Qd2 Bd7 26. Rh5 b5 27. Bd3 O-O-O 28. Qa5 Kb7 29. b3 Rc8 30. Rh6 Qf8 31. Rh5 Qg7 32. Ng3 Bxg3 33. Kxg3 Qe5+ 34. Kh3 Qd4 35. Be2 Qe3 36. Qa2 Qg1 37. Qb2 Re8 38. Rxg5 Rh8+ 0-1

[Event "Belgian Interteams"]
[Site "?"]
[Date "2001.??.??"]
[Round "?"]
[White "Piceu, T."]
[Black "Vanderstricht, G."]
[Result "1/2-1/2"]
[WhiteElo "2175"]
[BlackElo "2365"]
[PlyCount "90"]
[EventDate "2001.??.??"]
[Source "www.chesslib.no"]
[SourceDate "2004.05.04"]

1. d4 Nf6 2. c4 e6 3. Bg5 Bb4+ 4. Nd2 d5 5. e3 O-O 6. Ngf3 b6 7. a3 Be7 8. Bd3 Bb7 9. O-O Nbd7 10. Rc1 h6 11. Bh4 c5 12. Ne5 Nxe5 13. dxe5 Ne4 14. Bxe7 Qxe7 15. Bxe4 dxe4 16. Qg4 Qg5 17. Qxg5 hxg5 18. Rfd1 Rfd8 19. Nb1 f6 20. Nc3 Bc6 21. Kf1 g4 22. Ke2 Kf7 23. Rxd8 Rxd8 24. Rd1 Rc8 25. a4 Ke7 26. Nb5 Ra8 27. a5 bxa5 28. Ra1 a4 29. exf6+ gxf6 30. Kd2 a6 31. Nc3 Rb8 32. Kc2 Rb4 33. h3 gxh3 34. gxh3 Rxc4 35. h4 Rb4 36. h5 Rb8 37. Nxa4 Rh8 38. Nxc5 Rxh5 39. b4 Rh2 40. Rxa6 Rxf2+ 41. Kc3 Bd5 42. b5 Re2 43. Kd4 Rb2 44. Ra7+ Ke8 45. Nd7 Rxb5 1/2-1/2

[Event "HUN Ch"]
[Site "Budapest HUN"]
[Date "1982.??.??"]
[Round "?"]
[White "Lovass, Imre"]
[Black "Tolnai, Tibor"]
[Result "1-0"]
[WhiteElo "2310"]
[BlackElo "2230"]
[PlyCount "73"]
[EventDate "1982.12.??"]
[Source "www.chesslib.no"]
[SourceDate "2004.05.04"]

1. d4 Nf6 2. c4 e6 3. Bg5 Bb4+ 4. Nd2 h6 5. Bxf6 Qxf6 6. Ngf3 O-O 7. a3 Bxd2+ 8. Qxd2 d5 9. e3 Nd7 10. cxd5 exd5 11. Rc1 c6 12. Bd3 Re8 13. O-O Nf8 14. Qc2 Be6 15. b4 Nd7 16. b5 Rec8 17. bxc6 Rxc6 18. Qb3 Rb6 19. Qa2 Bf5 20. Bxf5 Qxf5 21. Rc7 Nf6 22. Ne5 Rf8 23. Rfc1 h5 24. h3 g5 25. Re7 g4 26. h4 a5 27. Kh2 a4 28. Rcc7 Rb1 29. Rxf7 g3+ 30. Kxg3 Rxf7 31. Rxf7 Rh1 32. f3 Ne4+ 33. fxe4 Qxe4 34. Rf4 Qxe3+ 35. Nf3 Qe6 36. Qc2 b5 37. Rf5 1-0

[Event "Oberliga Bayern 9394"]
[Site "Bayern"]
[Date "1994.??.??"]
[Round "?"]
[White "Wachinger, Guenther"]
[Black "Seitz, Michael"]
[Result "1-0"]
[WhiteElo "2260"]
[BlackElo "2270"]
[PlyCount "63"]
[EventDate "1993.10.??"]
[Source "www.chesslib.no"]
[SourceDate "2004.05.04"]

1. d4 Nf6 2. c4 e6 3. Bg5 Bb4+ 4. Nd2 h6 5. Bh4 c5 6. dxc5 Bxc5 7. e3 O-O 8. a3 Be7 9. Ngf3 b6 10. Bd3 Bb7 11. O-O Na6 12. b4 d5 13. Qe2 Ne4 14. Bxe7 Qxe7 15. Rfc1 Nc7 16. cxd5 Nxd2 17. Qxd2 Bxd5 18. e4 Bb7 19. Rc3 Rfd8 20. Qf4 Rac8 21. Rac1 Qd6 22. Qxd6 Rxd6 23. h3 Rb8 24. Rxc7 Rxd3 25. Ne5 Rxa3 26. Nd7 Rd8 27. Rxb7 Ra4 28. Ne5 Rf8 29. Rcc7 Rxb4 30. Nxf7 Rxe4 31. Nxh6+ Kh7 32. Ng4 1-0

[Event "France (championnat accession)"]
[Site "?"]
[Date "2004.08.26"]
[Round "9.14"]
[White "Deleva Mickael"]
[Black "Philippe Christophe"]
[Result "0-1"]
[WhiteElo "2187"]
[BlackElo "2335"]
[PlyCount "106"]
[EventDate "2004.??.??"]
[Source "www.chesslib.no"]
[SourceDate "2004.05.04"]

1. d4 Nf6 2. c4 e6 3. Bg5 c5 4. d5 exd5 5. cxd5 h6 6. Bxf6 Qxf6 7. Nc3 g6 8. Nf3 Bg7 9. d6 O-O 10. e3 b6 11. Bc4 Bb7 12. Bd5 Nc6 13. O-O Kh7 14. Ne4 Qxb2 15. Rb1 Qa3 16. Nfg5+ Kg8 17. Qc2 Nb4 18. Nf6+ Kh8 19. Rxb4 Qxb4 20. Bxb7 Bxf6 21. Bxa8 Rxa8 22. Ne4 Bg7 23. Rb1 Qa3 24. g4 Kg8 25. Qc4 Rf8 26. Kh1 Re8 27. g5 Re6 28. h4 h5 29. Kg2 Be5 30. Qd5 Qa4 31. Rc1 Bg7 32. f3 Qa3 33. Re1 Qb2+ 34. Kg1 Be5 35. f4 Bg7 36. f5 gxf5 37. Qa8+ Kh7 38. g6+ Rxg6+ 39. Ng5+ Rxg5+ 40. hxg5 Qd2 41. Rf1 Qxe3+ 42. Kg2 Qxg5+ 43. Kf3 Qg4+ 44. Ke3 Bh6+ 45. Kf2 Qd4+ 46. Kg2 Qxd6 47. Qf3 Qc6 48. Qxc6 dxc6 49. Rxf5 Kg6 50. Rf3 c4 51. Rc3 b5 52. a4 Bd2 53. Rc2 c3 0-1